000 00313nam a2200133Ia 4500
008 210312s9999||||xx |||||||||||||| ||und||
041 _aosm
050 _aK85
050 _bG35.H36
100 _aGalanti, (Bodrumlu) Avram
245 0 _aHamurabi kanunu
260 _c1925
650 _aHukuk--Tarihsel çalışmalar
999 _c21930
_d21930